Získavanie a výber pracovníkov bakalárska práca

Salvato in:
Dettagli Bibliografici
Autore principale: Halašková, Katarína
Ente Autore: Obchodná fakulta EU. Katedra marketingu
Altri autori: Hvizdová, Eva, ml
Natura: Libro
Lingua:slovacco
Pubblicazione: Bratislava 2012
Tags: Aggiungi Tag
Nessun Tag, puoi essere il primo ad aggiungerne!!

MARC

LEADER 00000nbm a2200000 4500
001 0154439
005 20161109111843.9
041 0 |a slo 
044 |a SK 
245 1 0 |a Získavanie a výber pracovníkov  |b bakalárska práca  |c Katarína Halašková ; školiteľ: Eva Hvizdová 
264 1 |a Bratislava  |c 2012 
300 |a 50 s. 
100 1 |a Halašková, Katarína 
700 1 |a Hvizdová, Eva, ml. 
710 2 |a Obchodná fakulta EU. Katedra marketingu